000 00824cam a22002652 4500
999 _c4911
_d4911
001 4911
003 UkOxU
005 20171205163616.0
008 720504s1965 nyua 000 0 eng
035 _aBD-(JhCC) 4911
040 _aDLC
_cDLC
_dUKM
_dEQO
041 _aeng
050 0 _aQA47
_b.B8 1965
082 _a510.83
_2510.83
_bBUR 1965
100 1 _aBurington, Richard Stevens,
_d1901-
245 1 0 _aHandbook of mathematical tables and formulas.
250 _a4th ed.
260 _aNew York :
_bMcGraw-Hill,
_c[c1965]
300 _axi, 423 p.
_billus.
_c21 cm.
500 _a"A companion to the Handbook of probability and statistics with tables, by Richard S. Burington and Donald C. May."
650 0 _aMathematics
_vTables.
740 0 1 _aMathematical tables and formulas.
942 _2ddc
_cBK